| 000 | 00714 a2200157 4500 | ||
|---|---|---|---|
| 003 | Nust | ||
| 005 | 20221220122117.0 | ||
| 040 | _cNust | ||
| 082 | _a133.5, BAI | ||
| 100 |
_aE.H.Bailey _9105353 |
||
| 245 |
_aThe Prental Epoch _cE.H. Bailey |
||
| 260 |
_alondon _bW.Foulsham _c1916 |
||
| 300 | _aix,239,p.; | ||
| 505 | _aThe Scientific Bais And Laws Of Epoch (Page-18), The Prenatal Epoch As A Factor In Rectification (Page-44), Some Astro Physiological Problems (Page-104), The Prenatal Epoch And Multiple Pregnancy (Page-122), The Epoch In Relation To Prenatal Affections (Page-148), The Prenatal Epoch As A Factor In Directing (Page-168), The Prenatal Epoch And Infant Mortality (Page-198). | ||
| 942 |
_2ddc _cBK |
||
| 999 |
_c193734 _d193734 |
||